| 000 | 00605cam a2200229 a 4500 | ||
|---|---|---|---|
| 001 | 12385387 | ||
| 005 | 20250217014908.0 | ||
| 008 | 001207s2000 ce b 000 0 eng | ||
| 020 | _a9556070311 | ||
| 040 |
_aDLC _cDLC _dDLC |
||
| 082 |
_26945 _a305.3 _bWIC |
||
| 100 | 1 | _aWickramasinghe, M | |
| 245 | 1 | 0 |
_aFrom Theory to Action: _bWomen, Gender and Development |
| 260 |
_aColombo _bFriedrich-Ebert Stiftung _c2000 |
||
| 300 | _axxi, 179 p., | ||
| 650 | 0 | _aWomen | |
| 650 | 0 | _aWomen in Development | |
| 650 | 0 | _aSocial Participation | |
| 650 | 0 | _aGender | |
| 650 | 0 | _aWomen's Movement | |
| 942 | _cL | ||
| 999 |
_c5981 _d5981 |
||